Tratado de terapéutica quirúrgica especial / (Record no. 136467)

MARC details
000 -LEADER
campo de control de longitud fija 00580nam a2200169 4500
001 - NÚMERO DE CONTROL
campo de control 136467
003 - IDENTIFICADOR DE NÚMERO DE CONTROL
campo de control ES-MaACL
005 - FECHA Y HORA DE LA ÚLTIMA TRANSACCIÓN
campo de control 20230906195136.0
007 - CAMPO FIJO DE DESCRIPCIÓN FÍSICA--INFORMACIÓN GENERAL
campo de control de longitud fija t|
008 - DATOS DE LONGITUD FIJA--INFORMACIÓN GENERAL
campo de control de longitud fija 070214s1951 sp r ||||1| spa d
100 1# - ENTRADA PRINCIPAL--NOMBRE DE PERSONA
Nombre de persona Saegesser, Max.
9 (RLIN) 101290
245 10 - MENCIÓN DEL TÍTULO
Título Tratado de terapéutica quirúrgica especial /
Mención de responsabilidad, etc. Max Saegesser ; versión española de la segunda edición alemana por José María Plá Janini.
260 ## - PUBLICACIÓN, DISTRIBUCIÓN, ETC.
Lugar de publicación, distribución, etc. Barcelona :
Nombre del editor, distribuidor, etc. Labor,
Fecha de publicación, distribución, etc. 1951.
300 ## - DESCRIPCIÓN FÍSICA
Extensión XVI, 1116 p. :
Otras características físicas il. ;
Dimensiones 25 cm.
700 1# - ENTRADA AGREGADA--NOMBRE PERSONAL
Nombre de persona Pla Janini, José María.
9 (RLIN) 92495
852 ## - LOCALIZACIÓN
Ubicación ES-MaACL
Número de control de estantería D-6883
Sublocalización o colección R.31737
Holdings
Estatus retirado Estado de pérdida Estado de daño No para préstamo Biblioteca de origen Biblioteca actual Ubicación en estantería Fecha de adquisición Fuente de adquisición Total de préstamos Signatura topográfica completa Código de barras Visto por última vez Precio de reemplazo Tipo de ítem Koha
        Biblioteca del Ateneo de Madrid Biblioteca del Ateneo de Madrid Sala Valle Inclán 17/01/2008     D-6883 901142026 23/02/2023 23/02/2023 Libro impreso